東京.遇見

資料類型: Book 圖書   書目號:50766

Leader xxxxxxxxxx
005 __ 20161027120218.0
010 1_ |a9789888257287|b|d新臺幣350元
100 __ |a20161011d2016    g   0
101 __ |achi
102 __ |acc
105 __ |aa   a   000yy
110 __ |ay z
200 1_ |a東京.遇見|e|f孫恩立著
205 __ |a|
210 __ |a香港 :|c天地圖書,|d民105[2016]
215 1_ |a235面 ;|c|d21公分
225 __ |a|v
300 __ |a
681 __ |a857.7|
700 1_ |a孫恩立|b|e|4
702 __ |a|b|4
801 __ |btw-高雄餐旅
詳細館藏(共 1 筆)
索 書 號登 錄 號冊次號館別 / 館藏地流通類型狀態加入預約清單電子資源
857.7 / 8343 2020197  圖書館 / 一樓普通區 可外借30天 在館   

| 條列資料




目錄查詢 分類查詢 個人資料 圖書薦購 新書查詢 閉館日 排行榜 更多電子資源 Hami書城 線上資料庫 登出

From : 216.73.217.87

  本日流通累計至 18:15:31 借閱 : 13 次 續借 : 0 次 歸還 : 10 次 預約 : 0 次 電子資源 : 0 次


內湖高中圖書館  PCLIS 版本  26.5.0.12